000 00394nam a2200169Ia 4500
001 19722
003 IN-NITTTR
005 20251114233227.0
008 251113s9999||||xx |||||||||||||| ||eng||
040 _beng
040 _cIN-NITTTR
041 _aeng
082 _a339.530954 C34M
100 _aChaudhary, C. M.
245 0 _aMonetary policy in India /
_cChaudhary, C. M.
942 _2ddc
_cBK
999 _c22356
_d22356